Nghệ thuật diễn xướng Mo Mường
Nội dung sách giới thiệu khái niệm diễn xướng, tình hình sưu tập nghiên cứu Mo Mường. Bối cảnh của diễn xướng Mo Mường, các yếu tố nghệ thuật hỗ trợ diễn xướng, nghệ thuật ngôn từ, cách thức diễn xướng Mo Mường....
Sparad:
| Huvudupphovsman: | |
|---|---|
| Materialtyp: | Bok |
| Språk: | Undetermined |
| Publicerad: |
Hà Nội
Mỹ thuật
2017
|
| Ämnen: | |
| Taggar: |
Lägg till en tagg
Inga taggar, Lägg till första taggen!
|
| Thư viện lưu trữ: | Trung tâm Học liệu Trường Đại học Cần Thơ |
|---|
| LEADER | 00961nam a2200205Ia 4500 | ||
|---|---|---|---|
| 001 | CTU_225770 | ||
| 008 | 210402s9999 xx 000 0 und d | ||
| 082 | |a 781.629592 | ||
| 082 | |b S464 | ||
| 100 | |a Kiều, Trung Sơn | ||
| 245 | 0 | |a Nghệ thuật diễn xướng Mo Mường | |
| 245 | 0 | |c Kiều Trung Sơn (chủ biên) | |
| 260 | |a Hà Nội | ||
| 260 | |b Mỹ thuật | ||
| 260 | |c 2017 | ||
| 520 | |a Nội dung sách giới thiệu khái niệm diễn xướng, tình hình sưu tập nghiên cứu Mo Mường. Bối cảnh của diễn xướng Mo Mường, các yếu tố nghệ thuật hỗ trợ diễn xướng, nghệ thuật ngôn từ, cách thức diễn xướng Mo Mường. | ||
| 650 | |a Âm nhạc dân gian,Folk music | ||
| 650 | |z Việt Nam,Vietnam | ||
| 910 | |b dqhieu | ||
| 980 | |a Trung tâm Học liệu Trường Đại học Cần Thơ | ||